01866nam a2200265Ia 4500001000600000003000900006008004100015040001300056040001300069041001300082100001500095100002900110240002200139240003500161245007000196245007000266250001100336260000900347260001200356260004900368300005700417500107000474650002501544650003101569F6691IT-RoPAU130308s9999 xx 000 0 und d aIT-RoPAU cIT-RoPAU aITALIANO aVerna Tony gCodice Aut. SPICS: 36276 aGLOBAL TELEVISION gCodice Tit. Orig. Spics: T3175 aTelevisione globale (La). Come produrre la televisione del futuro bTelevisione Globale (La). Come produrre la Televisione del Futuro a1a ed. aROMA bGremese c1999 [1° Ed.:1999 - Ed.Ling.Originale:1993] a"288 p. (prefazione: no ; testo: 288 [pagine: 0-0])" aAnatomia di una Trasmissione Globale: Definire la Televisione Globale, Live Aid. mezzi della Trasmissione televisiva Globale: satelliti Come Strumenti di Produzione, Cablaggio a Fibre Ottiche, Dispositivi Ad Accoppiamento Dicarica (Ccd), tecnologia Analogico/Digitale. creare una Trasmissione Globale: Preliminari e bilancio Preventivo, Come Assumere Lo Staff, Come Effettuare Sopralluoghi e Lavorare con Location Remote, Come comunicare con Lo Staff, Come produrre una Serie, Come Ingaggiare e Dirigere gli Artisti, Come creare Copioni e Scalette. tecnologia della Trasmissione: Trasmissione via Satellite, Come le Esigenze del Pubblico Influenzano le Tecniche di Trasmissione, Trasmissione Televisiva, convergenza dei mezzi di Comunicazione e Standard. tendenze Globali: tendenze Nei Notiziari, tendenze nelle Trasmissioni Sportive e nelle Pay per View, tendenze Nello Spettacolo, tendenze nella Coproduzione, tendenze Tecniche, Occupazione: Uno Sguardo al Futuro. Una Visione Globale: guardando nella sfera di Cristallo. Standard Televisivi nel Mondo. Glossario. aINDUSTRIA TELEVISIVA eCodice materia Spics: 6956